Chad Borders by Capital - Statistics

General Stats
  • This quiz has been taken 24 times
  • The average score is 7 of 7
Answers on the Map
Answers color-coded by a green-red scale on the quiz's map according to % correct below.
 
Answer Stats
Answer % Correct
Abuja
100%
Bangui
100%
Khartoum
100%
Niamey
100%
Tripoli
88%
Yaounde
88%
N'Djamena
75%
No matching quizzes found
Score Distribution
Percent of People with Each Score
Percentile by Number Answered
Your Score History
You have not taken this quiz